| Поле | Название | Значение |
| |
Тип записи |
a |
| |
Библиографический уровень |
m |
| 001 |
Контрольный номер |
52ab324d4eeb4bc1b1bca0ed46e80cee |
| 005 |
Дата корректировки |
20221220135809.8 |
| 010 |
Индекс ISBN |
__ |
| a |
ISBN |
978-5-00195-092-9 |
| d |
Цена |
838-00 |
| 100 |
Данные общей обработки |
__ |
| a |
Данные общей обработки |
20221010d2021####am#y0rusy50######ca |
| 101 |
Язык документа |
0_ |
| a |
Язык текста |
rus |
| c |
Язык оригинала |
eng |
| 102 |
Страна публикации |
__ |
| a |
Страна публикации |
RU |
| 200 |
Заглавие и сведения об ответственности |
1_ |
| a |
Заглавие |
Дар |
| e |
Сведения, относящиеся к заглавию |
12 ключей к внутреннему освобождению и обретению себя |
| f |
Первые сведения об ответственности |
Эдит Ева Эгер при участии Эсме Швалль-Вейганд |
| g |
Последующие сведения об ответственности |
перевод с английского Татьяны Лукониной |
| 205 |
Сведения об издании |
__ |
| a |
Основные сведения об издании |
2-е издание |
| 210 |
Выходные данные |
1_ |
| a |
Место издания |
Москва |
| c |
Издательство |
Манн, Иванов и Фербер |
| d |
Дата издания |
2022 |
| 215 |
Физическое описание |
__ |
| a |
Объем |
253, [2] с. |
| 225 |
Серия (Журнальная рубрика) |
2_ |
| a |
Серия (Журнальная рубрика) |
Больше чем жизнь |
| 300 |
Общие примечания |
__ |
| a |
Общие примечания |
На обложке: От автора бестселлера "Выбор" |
| 320 |
Библиография |
__ |
| a |
Библиография |
Об авторе: с. 255 |
| 330 |
Аннотация |
__ |
| a |
Аннотация |
Автор хроник прошла Аушвиц и став известным психологом стала делится своей историей и историями людей.Таким образом, автор смогла помочь людям изменив отношение к жизни и показав, что можно выбирать то, чему учит личный опыт. |
| 333 |
Примечание о целевом назначении |
__ |
| a |
Примечание о целевом назначении |
16+ |
| 454 |
Оригинал |
_0 |
| 1 |
|
700 1 |
| a |
|
Eger |
| b |
|
E. E. |
| 1 |
|
2001 |
| a |
|
The gift |
| e |
|
12 lessons to save your life |
| 606 |
Тематические рубрики |
__ |
| a |
Основная рубрика |
Психология |
| 606 |
Тематические рубрики |
__ |
| a |
Основная рубрика |
Психология личности |
| 610 |
Ключевые слова |
0_ |
| a |
Ключевые слова |
психологические травмы |
| a |
Ключевые слова |
психологическая помощь |
| a |
Ключевые слова |
психологические практикумы |
| a |
Ключевые слова |
личная свобода |
| a |
Ключевые слова |
синдром жертвы |
| a |
Ключевые слова |
деструктивные установки |
| a |
Ключевые слова |
деструкции |
| a |
Ключевые слова |
синдром жертвы |
| a |
Ключевые слова |
избегание |
| a |
Ключевые слова |
игнорирование себя |
| a |
Ключевые слова |
стыд (психология) |
| a |
Ключевые слова |
осуждение |
| a |
Ключевые слова |
непрощение |
| a |
Ключевые слова |
страх (психология) |
| 686 |
Индексы других классификаций |
__ |
| a |
Индекс ББК |
88.3 |
| 700 |
Автор |
_1 |
| a |
Фамилия |
Эгер |
| b |
Имя |
Э. Е. |
| g |
Полное личное имя |
Эдит Ева |
| f |
Даты |
1927- |
| 702 |
Вторичная интеллектуальная ответственность |
_1 |
| a |
Фамилия |
Луконина |
| b |
Имя |
Т. |
| g |
Полное личное имя |
Татьяна |
| 801 |
Источник записи |
_0 |
| a |
Страна |
RU |
| b |
Организация |
Центральная районная библиотека им. Г. А. Пирожникова |
| g |
Правила каталогизации |
bzbo |
| 801 |
Источник записи |
_1 |
| a |
Страна |
RU |
| b |
Организация |
Центральная районная библиотека им. Г. А. Пирожникова |
| c |
Дата составления |
20221220 |
| g |
Правила каталогизации |
bzbo |
| 852 |
Данные о местонахождении |
__ |
| i |
Авторский знак |
Э 172 |
| j |
Шифр хранения |
88.3 |
| 901 |
Тип документа |
__ |
| t |
Тип документа |
m |
| 902 |
Роль лиц |
__ |
| a |
Создатель БЗ |
ОКиО/Колмакова |